000 00551nam a2200157 a 4500
001 000030802
005 20200930062522.0
008 110530s1929 dr 000 0 spa d
040 _aDO-SdBNP
_bspa
_cBNPHU
082 _axxx
_bR969e
100 1 _aRusso, Giuseppe
_922106
245 1 4 _aLas enfermedades de los naranjales y cafetales :
_bRelación del viaje al campo de colonización de Jamao (Moca) /
_cGuiseppe Russo.
260 _aSanto Domingo :
_bSecretaría de Estado de Agricultura y Comercio,
_c1929.
300 _a15 p. ;
_c24 cm.
049 _aBNPD
999 _c30294
_d30294